Which country has the most of these animals - Statistics

General Stats
  • This quiz has been taken 12 times
  • The average score is 42 of 50
Answer Stats
Answer % Correct
Canada
100%
China
100%
China
100%
China
100%
India
100%
India
100%
India
100%
Mongolia
100%
South Africa
100%
Botswana
90%
Botswana
90%
Brazil
90%
Brazil
90%
Brazil
90%
Brazil
90%
Indonesia
90%
Indonesia
90%
Japan
90%
Kenya
90%
Kenya
90%
Kenya
90%
Russia
90%
Russia
90%
Russia
90%
Saudi Arabia
90%
United States
90%
United States
90%
United States
90%
United States
90%
United States
90%
Australia
80%
Chad
80%
Iran
80%
Mexico
80%
Mexico
80%
Namibia
80%
Sudan
80%
Tanzania
80%
Tanzania
80%
Thailand
80%
Zimbabwe
80%
Colombia
70%
Finland
70%
Kazakhstan
70%
Nigeria
70%
Nepal
60%
Somalia
60%
Ethiopia
50%
Romania
40%
Gabon
10%
No matching quizzes found
Score Distribution
Percent of People with Each Score
Percentile by Number Answered
Your Score History
You have not taken this quiz